| 000 | 00711nam a2200205 a 4500 | ||
|---|---|---|---|
| 005 | 20191224041803.0 | ||
| 008 | 160122t1995 us ||||gr|||| 00| 0 spa d | ||
| 020 | _a0821332961 | ||
| 040 |
_aCO-BoIAVH _cCO-BoIAVH |
||
| 041 | _aspa | ||
| 082 | 4 |
_a333.9516098 _bD58u |
|
| 100 | 1 |
_aDinerstein , Eric _97313 |
|
| 245 | 1 | _aEvaluación del estado de conservación de las ecorregiones terrestres de América Latina y el Caribe | |
| 260 |
_aWashington _bBanco Internacional de Reconstrucción y Fomento _bBanco Mundial _c1995 |
||
| 300 |
_a135 paginas. _c28 x 22 cm. |
||
| 650 | 6 |
_aDiversidad biológica _xConservación _953652 |
|
| 650 | 6 |
_acomunidades bióticas _953653 |
|
| 942 |
_cLIBRO _2ddc |
||
| 945 | _d2006-10-17 | ||
| 999 |
_c5353 _d5353 |
||